<?xml version="1.0" encoding="UTF-8"?>
<collection xmlns="http://www.loc.gov/MARC21/slim">
 <record>
  <leader>01245pam a22002418a 4500</leader>
  <controlfield tag="001">00043975</controlfield>
  <controlfield tag="005">20190408080414.0</controlfield>
  <controlfield tag="008">170515s2015                  ||||||Viesd</controlfield>
  <datafield tag="020" ind1="#" ind2="#">
   <subfield code="c">19000</subfield>
  </datafield>
  <datafield tag="041" ind1="0" ind2="#">
   <subfield code="a">Vie</subfield>
  </datafield>
  <datafield tag="082" ind1="1" ind2="4">
   <subfield code="a">372.1</subfield>
   <subfield code="b">T103L</subfield>
  </datafield>
  <datafield tag="245" ind1="1" ind2="0">
   <subfield code="a">Tài liệu tập huấn dạy học tích hợp ở trường tiểu học</subfield>
   <subfield code="b">Dùng cho cán bộ quản lí, giáo viên trung học cơ sở, trung học phổ thông</subfield>
  </datafield>
  <datafield tag="250" ind1="#" ind2="#">
   <subfield code="a">in lần thứ 2</subfield>
  </datafield>
  <datafield tag="260" ind1="#" ind2="#">
   <subfield code="a">Hà Nội</subfield>
   <subfield code="b">Đại học sư phạm</subfield>
   <subfield code="c">2015</subfield>
  </datafield>
  <datafield tag="300" ind1="#" ind2="#">
   <subfield code="a">135 tr.</subfield>
   <subfield code="c">24 cm</subfield>
  </datafield>
  <datafield tag="500" ind1="#" ind2="#">
   <subfield code="a">ĐTTS: cục nhà giáo và cán bộ quản lý cơ sở giáo dục. chương trình đảm bảo chất lượng giáo dục trường học</subfield>
  </datafield>
  <datafield tag="653" ind1="#" ind2="#">
   <subfield code="a">Dạy học</subfield>
  </datafield>
  <datafield tag="653" ind1="#" ind2="#">
   <subfield code="a">Tiểu học</subfield>
  </datafield>
  <datafield tag="653" ind1="#" ind2="#">
   <subfield code="a">Tích hợp</subfield>
  </datafield>
  <datafield tag="653" ind1="#" ind2="#">
   <subfield code="a">Tập huấn</subfield>
  </datafield>
  <datafield tag="852" ind1="#" ind2="#">
   <subfield code="j">KD.0025673</subfield>
   <subfield code="j">KM.0028685</subfield>
   <subfield code="j">KM.0028686</subfield>
   <subfield code="j">KM.0028687</subfield>
   <subfield code="j">KM.0028688</subfield>
   <subfield code="j">KM.0028689</subfield>
   <subfield code="j">KM.0028690</subfield>
   <subfield code="j">KM.0028691</subfield>
   <subfield code="j">KM.0028692</subfield>
   <subfield code="j">KM.0028693</subfield>
   <subfield code="j">KM.0028694</subfield>
   <subfield code="j">KM.0028695</subfield>
   <subfield code="j">KM.0028696</subfield>
   <subfield code="j">KM.0028697</subfield>
   <subfield code="j">KM.0028698</subfield>
   <subfield code="j">KM.0028699</subfield>
   <subfield code="j">KM.0028700</subfield>
   <subfield code="j">KM.0028701</subfield>
   <subfield code="j">KM.0028702</subfield>
   <subfield code="j">KM.0028703</subfield>
   <subfield code="j">KM.0028704</subfield>
  </datafield>
  <datafield tag="910" ind1="#" ind2="#">
   <subfield code="d">8/4/2019</subfield>
  </datafield>
  <datafield tag="980" ind1="#" ind2="#">
   <subfield code="a">Trung tâm Học liệu Lê Vũ Hùng, Trường Đại học Đồng Tháp</subfield>
  </datafield>
 </record>
</collection>
